[Event "GER-ch U25-C"]
[Site "Willingen"]
[Date "2018.05.21"]
[Round "3"]
[White "Noever, Jonas"]
[Black "Hoffmann, Alexander"]
[Result "1-0"]
[WhiteElo "1204"]
[BlackElo "1059"]
[PlyCount "99"]
[EventDate "2018.05.19"]
[EventType "swiss"]
[EventRounds "9"]
[EventCountry "GER"]
[SourceTitle "CBM 184 Extra"]
[Source "ChessBase"]
[SourceDate "2018.06.28"]
[SourceVersion "1"]
[SourceVersionDate "2018.06.28"]
[SourceQuality "1"]

1. e4 e5 2. Nf3 Nc6 3. d4 exd4 4. Nxd4 Nf6 5. Nxc6 bxc6 6. Nc3 Bb4 7. Bd3 h6 8. Bf4 d6 9. h3 0-0 10. 0-0 Re8 11. Re1 Nh7 12. e5 Be6 13. Bxh7+ Kxh7 14. Qd3+ Kh8 15. a3 Bxc3 16. Qxc3 Bd5 17. exd6 Rxe1+ 18. Rxe1 cxd6 19. Bxh6 f6 20. Bf4 Qd7 21. Qe3 Qf5 22. Re2 Qg6 23. Qg3 Qxg3 24. Bxg3 Rd8 25. Re7 a5 26. Ra7 Be4 27. c3 Rb8 28. Rxa5 Rxb2 29. Bxd6 Rc2 30. Bb4 Rc1+ 31. Kh2 Rf1 32. f3 Bd5 33. Rc5 Rf2 34. Kg3 Ra2 35. c4 Bf7 36. Rxc6 Re2 37. c5 Re8 38. Rd6 Rc8 39. a4 Ra8 40. a5 Rb8 41. Rb6 Ra8 42. c6 Rc8 43. Bd6 Bd5 44. c7 Bc4 45. a6 Bxa6 46. Rxa6 Kg8 47. Rb6 Kf7 48. Rb8 Ke6 49. Rxc8 Kxd6 50. Rg8 1-0